| 000 | 01029nam a22002897a 4500 | ||
|---|---|---|---|
| 001 | 7830 | ||
| 003 | FISKH | ||
| 005 | 20250811143012.0 | ||
| 008 | 250811b cb ||||| |||| 00| 0 eng d | ||
| 040 |
_aFISKH _beng _cFISKH _dFISKH |
||
| 050 | _aPZ7.S4423 S | ||
| 082 | _a823.914 | ||
| 100 | _aBurnett, Hodgson | ||
| 245 |
_aThe secret garden / _cFrances Hodgson Burnett ; Adapted by Mary Sebag-Montefiore ; Illustrated by Alan Marks |
||
| 250 | _aThis edition first published in 2007 | ||
| 260 |
_aLondon : _bUsborne, _c2007 |
||
| 300 |
_a64 pages : _bcolor illustrations ; _c20 cm |
||
| 505 | _aP | ||
| 520 | _aWhen Mary Lennox arrives in her uncle's gloomy house, she feels forlorn and lonely. But the house is filled with exciting secrets and a garden to be discovered. | ||
| 521 | 8 |
_a630
_bLexile |
|
| 521 | 8 |
_aP
_bRaz-Plus |
|
| 650 |
_2Readers - Usborne _aKindle-motion |
||
| 650 |
_2Illustrated Classics _aReaders - Usborne |
||
| 700 |
_aMarks, Alan _dillustrator |
||
| 942 |
_2ddc _cBK _n0 |
||
| 999 |
_c7830 _d7830 |
||